The everyday guide to-- prophecy / (Record no. 4285)
[ view plain ]
| 000 -LEADER | |
|---|---|
| fixed length control field | 00869cam a2200301Ia 4500 |
| 001 - CONTROL NUMBER | |
| control field | 144611259 |
| 003 - CONTROL NUMBER IDENTIFIER | |
| control field | OCoLC |
| 005 - DATE AND TIME OF LATEST TRANSACTION | |
| control field | 20181204163044.0 |
| 008 - FIXED-LENGTH DATA ELEMENTS--GENERAL INFORMATION | |
| fixed length control field | 070618s2005 ohu 000 0 eng d |
| 010 ## - LIBRARY OF CONGRESS CONTROL NUMBER | |
| LC control number | 2006273155 |
| 020 ## - INTERNATIONAL STANDARD BOOK NUMBER | |
| International Standard Book Number | 1593107269 (pbk.) : |
| Terms of availability | $5.99 |
| 020 ## - INTERNATIONAL STANDARD BOOK NUMBER | |
| International Standard Book Number | 9781593107260 (pbk.) : |
| Terms of availability | $5.99 |
| 035 ## - SYSTEM CONTROL NUMBER | |
| System control number | (OCoLC)144611259 |
| 040 ## - CATALOGING SOURCE | |
| Original cataloging agency | PNX |
| Transcribing agency | PNX |
| Modifying agency | DLC |
| -- | CIRBC |
| 082 04 - DEWEY DECIMAL CLASSIFICATION NUMBER | |
| Classification number | 236.9 |
| Item number | S642E |
| 092 ## - LOCALLY ASSIGNED DEWEY CALL NUMBER (OCLC) | |
| Classification number | 236.9 |
| Item number | S6442 |
| 100 1# - MAIN ENTRY--PERSONAL NAME | |
| Personal name | Smith, Carol. |
| 245 14 - TITLE STATEMENT | |
| Title | The everyday guide to-- prophecy / |
| Statement of responsibility, etc. | Carol Smith. |
| 246 3# - VARYING FORM OF TITLE | |
| Title proper/short title | Everyday guide to prophecy |
| 246 10 - VARYING FORM OF TITLE | |
| Title proper/short title | Prophecy |
| 260 ## - PUBLICATION, DISTRIBUTION, ETC. | |
| Place of publication, distribution, etc. | Uhrichsville, Ohio : |
| Name of publisher, distributor, etc. | Humble Creek, |
| Date of publication, distribution, etc. | c2005. |
| 300 ## - PHYSICAL DESCRIPTION | |
| Extent | 236, [20] p. ; |
| Dimensions | 21 cm. |
| 490 0# - SERIES STATEMENT | |
| Series statement | Everyday guide to-- |
| 630 00 - SUBJECT ADDED ENTRY--UNIFORM TITLE | |
| Uniform title | Bible |
| General subdivision | Prophecies. |
| 650 #0 - SUBJECT ADDED ENTRY--TOPICAL TERM | |
| Topical term or geographic name entry element | End of the world |
| General subdivision | Biblical teaching. |
| 650 #0 - SUBJECT ADDED ENTRY--TOPICAL TERM | |
| Topical term or geographic name entry element | Devotional calendars. |
| 942 ## - ADDED ENTRY ELEMENTS (KOHA) | |
| Source of classification or shelving scheme | Dewey Decimal Classification |
| Koha item type | Books |
| Withdrawn status | Lost status | Source of classification or shelving scheme | Damaged status | Not for loan | Collection code | Home library | Current library | Shelving location | Date acquired | Cost, normal purchase price | Total Checkouts | Full call number | Barcode | Date last seen | Price effective from | Koha item type |
|---|---|---|---|---|---|---|---|---|---|---|---|---|---|---|---|---|
| Dewey Decimal Classification | Not For Loan | Non-fiction | Harvest Mission College | Harvest Mission College | General Stacks | 04.12.2018 | 120.00 | 236.9 S642E | 004987 | 04.12.2018 | 04.12.2018 | Books | ||||
| Dewey Decimal Classification | Harvest Mission College | Harvest Mission College | General Stacks | 10.04.2026 | 236.9 S642E | 013329 | 10.04.2026 | 10.04.2026 | Books |
